000 01245cam a2200337 a 4500
999 _c332312
_d332312
001 17393917
003 NUST
005 20171123110143.0
008 120720s2012 pk b 001 0deng
010 _a 2012430256
020 _a9780199066070
025 _aP-E-2012430256; 31
037 _bLibrary of Congress -- Islamabad Overseas Office
_cRs 695
040 _aDLC
_cDLC
042 _alcode
_apcc
043 _aa-pk---
050 0 0 _aDS388
_b.S456 2012
082 _a954.9104 SEH
100 1 _aSehgal, Ikram.
_96732
245 1 0 _aEscape from Oblivion :
_bthe story of a Pakistani prisoner of war in India /
_cIkram Sehgal.
260 _aKarachi :
_bOxford University Press,
_c2012.
300 _a138p. :
_bfolded map ;
_c22 cm.
500 _aIncludes index.
501 _aH.B
600 1 0 _aSehgal, Ikram.
_96732
650 0 _aIndia-Pakistan Conflict, 1971
_xPrisoners and prisons, East Indian.
_96733
650 0 _aIndia-Pakistan Conflict, 1971
_vPersonal narratives, Pakistani.
_96734
906 _a7
_bcbc
_corigode
_d3
_encip
_f20
_gy-gencatlg
942 _2ddc
_cBK
_kIESE